Normale Ansicht MARC-Ansicht ISBD

Adolf Hitler, die deutsche Mutter und ihr erstes Kind : (Titelsatznr. 17123)

[ MARC ]
MARC-Details
000 -Satzkennung
Kontrollfeld mit fester Länge 00647nam a22002171c 4500
001 - Kontrollnummer
Kontrollfeld ht007462275
008 - Feld mit fester Länge zur physischen Beschreibung - Allgemeine Angaben
Kontrollfeld mit fester Länge 080821s1997 gw a||| 000u ger d
020 ## - Internationale Standardbuchnummer
Internationale Standardbuchnummer 3930096587
Verknüpfung 3-930096-58-7
041 ## - Sprachcode
Sprachcode des Textes/der Tonspur oder des separaten Titels ger
040 ## - Katalogisierungsquelle
Übertragungsstelle RU-10907106
003 - Kontrollnummer Identifier
Kontrollfeld RU-10907106
100 1# - Haupteintragung - Personenname
Personenname Chamberlain, Sigrid
245 00 - Titel
Titel Adolf Hitler, die deutsche Mutter und ihr erstes Kind :
Zusatz zum Titel über zwei NS-Erziehungsbücher /
Verfasserangabe etc. Sigrid Chamberlain
264 ## - Produktion, Veröffentlichung, Distribution, Herstellung und Urheberrechtsvermerk
Herstellungs-, Veröffentlichungs- Vertriebs-, Erzeugungsort Gießen :
Produzent, Herausgeber, Distributor, Hersteller Psychosozial-Verl.,
Datum der Herstellung, der Veröffentlichung, des Vertriebs oder des Urheberschutzvermerks 1997
300 ## - Physische Beschreibung
Umfang 229 S. : zahlr. Ill
490 #0 - Gesamttitelangabe
Gesamttitelangabe Reihe "Edition Psychosozial"
650 #0 - Nebeneintragung unter einem Schlagwort - Sachschlagwort
Sachschlagwort oder geografischer Name als Eintragungselement Erziehung
650 #0 - Nebeneintragung unter einem Schlagwort - Sachschlagwort
Sachschlagwort oder geografischer Name als Eintragungselement Jugend
650 #0 - Nebeneintragung unter einem Schlagwort - Sachschlagwort
Sachschlagwort oder geografischer Name als Eintragungselement Nationalsozialismus
942 ## - Zusätzliche Felder (Koha)
Koha-Medientyp Monographien
Exemplare
Ausgeschieden Verloren Klassifikation oder Aufstellungssystematik Beschädigt Nicht entleihbar Heimatbibliothek Aufenthaltsbibliothek Aufstellungsort Erwerbungsdatum Inventarnummer Signatur Barcode Letzte Aktivität Preis gültig von Koha-Medientyp
    Andere/Generische Klassifikation     MWN Osteuropa MWN Osteuropa Lesesaal - 1 21/08/2008 09-00019 D 52 k Cham E0040150790BE3BC 22/02/2021 22/03/2021 Monographien